Statistics for Best Science Fiction Films (Popular Mechanics)

Click here to take the quiz!

General Stats

  • This quiz has been taken 1,144 times
  • The average score is 21 of 100

Answer Stats

YearMovie% Correct
241977Star Wars: Episode IV: A New Hope
96%
121979Alien
85%
119682001: A Space Odyssey
78%
71980Star Wars: Episode V: The Empire Strikes Back
76%
41986Aliens
71%
21982Blade Runner
68%
91984The Terminator
65%
361982E.T.: The Extra Terrestrial
61%
251999The Matrix
52%
171992Terminator 2: Judgement Day
50%
541987Predator
49%
431985Back to the Future
47%
51927Metropolis
46%
101968Planet of the Apes
46%
502009Avatar
45%
901953War of the Worlds
45%
61977Close Encounters of the Third Kind
42%
111951The Day the Earth Stood Still
40%
651954Them!
39%
81982Star Trek II: The Wrath of Khan
38%
321982The Thing
37%
331993Jurassic Park
37%
692010Inception
32%
131987RoboCop
31%
231990Total Recall
27%
262002Minority Report
27%
5719841984
26%
631978Invasion of the Body Snatchers
25%
281971A Clockwork Orange
25%
31997Gattaca
22%
461973Soylent Green
22%
311979Mad Max
22%
141956Forbidden Planet
21%
211986The Fly
21%
152008Wall-E
21%
291982Tron
21%
61199512 Monkeys
20%
511960The Time Machine
20%
381972Solaris
20%
161976Logan's Run
19%
841997Men in Black
19%
551997Contact
17%
472009Moon
17%
601931Frankenstein
17%
272009District 9
17%
481997Starship Troopers
16%
401954Gojira
16%
202006Children of Men
16%
391985Brazil
15%
741986Star Trek IV: The Voyage Home
12%
952005Serenity
11%
921972Silent Running
11%
191998Dark City
11%
1001981Escape From New York
11%
302007Sunshine
11%
421996Star Trek: First Contact
10%
941979The Black Hole
9%
441976The Man Who Fell to Earth
9%
891999Galaxy Quest
9%
831979Stalker
9%
562004Eternal Sunshine of the Spotless Mind
9%
181988Akira
8%
961973Westworld
8%
812011Rise of the Planet of the Apes
8%
751974Dark Star
8%
781966Fahrenheit 451
8%
671971THX-1138
7%
412001Donnie Darko
7%
221902A Trip to the Moon
7%
521971The Andromeda Strain
7%
771981Scanners
7%
352004Primer
7%
861984Starman
6%
492006A Scanner Darkly
6%
371995Ghost in the Shell
6%
761981Outland
5%
721962Day of the Triffids
5%
711975Rollerball
5%
581951When Worlds Collide
4%
591984The Last Starfighter
4%
911988They Live
4%
801997Cube
4%
881999eXistenZ
4%
681973Sleeper
4%
451985Enemy Mine
3%
342006Idiocracy
3%
791973Fantastic Planet
3%
701965Alphaville
3%
872006The Fountain
2%
621980Altered States
2%
931971Escape From the Planet of the Apes
2%
661984Repo Man
2%
852008Sleep Dealer
1%
641950Destination Moon
1%
971995City of Lost Children
1%
982011Attack of the Block
1%
992009Splice
1%
821984Dreamscape
0%
731963Ikarie XB-1
0%
531997Abre Los Ojos
0%

Score Distribution

Percentile by Number Answered

Percent of People with Each Score

Your Score History

You have not taken this quiz